000 01004 a2200217 4500
001 20952
005 20260407155502.0
008 260407a2004 arg spa d
003 AR-UNSa-BCEJYS
040 _aAR-UNSa-BCEJYS
_bspa
_cAR-UNSa-BCEJYS
080 _a347.736
_xQuiebra. Insolvencia. Suspensión de pagos. Bancarrota, procedimientos. Derecho Concursal
245 1 0 _aDerecho concursal
020 _a987-03-0174-6
264 1 _aBuenos Aires :
_bLa Ley
_c2004
300 _axlii, 906 p.
_c26 cm.
505 _a1. La compensación y el concurso preventivo - 2. La prioridad de los acreedores sobre los accionistas en el chapter 11 de Bankruptcy Code y en la Ley Concursal Argentina - 3. El abuso del proceso en los pedidos de quiebra y procedimientos concursales preventivos -
942 _cBK
590 _aniveau_biblio:m niveau_hierar:0
100 1 _aRouillon, Adolfo A.N.
856 4 1 _uhttps://biblioeco.unsa.edu.ar/pmb/images/libros/Derecho Concursal2-l87394.jpg
_yImagen de portada
_qimage/jpeg
999 _c768
_d768